000 00470nam a2200181Ia 4500
001 12856
005 20260306163011.0
008 260306t2006||||xx |||||||||||||| ||spa||
041 _aESP
082 _aRD 370.1503
_bD73 2006
100 _aCanda Moreno, Fernando (coord.)
_eAUT
245 0 _aDiccionario de pedagogía y psicología texto impreso
260 _c2006
300 _a407 páginas :
_ccm.
650 _aGEN
654 _aCED
942 _cDIC
_dJUS
_fJUS
_2ddc
_n
999 _c12856
_d12856